000 00632nam a2200181Ia 4500
008 090124s9999 xx 000 0 und d
082 _b15619
_a3673
100 _aनामदार नागनाथ संतराम (ना.स.इनामदार)
245 _a झुंज
250 _a1
260 _c1966
300 _a605
600 _aनामदार नागनाथ संतराम (ना.स.इनामदार)
630 _a झुंज
700 _aनामदार नागनाथ संतराम (ना.स.इनामदार)
730 _a झुंज
942 _cBOOK
999 _c129559
_d129559